| 000 | 00693nam a2200241Ia 4500 | ||
|---|---|---|---|
| 003 | OSt | ||
| 005 | 20221005102826.0 | ||
| 006 | a|||||r|||| 00| 0 | ||
| 007 | ta | ||
| 008 | 221004b |||||||| |||| 00| 0 hin d | ||
| 024 | _a109615 | ||
| 037 | _cTextual | ||
| 040 |
_aCRL _cCRL _bhin |
||
| 041 |
_2hin _ahin |
||
| 082 | _aO152,6x, H0 | ||
| 245 | 0 | _aगद्य संग्रह | |
| 246 | _aGadya sangraha | ||
| 260 |
_aआगरा _bगयाप्रसाद एण्ड सन्स भारत _c1940 |
||
| 300 |
_a155पृ0 _ccm. |
||
| 650 | _aहिन्दी साहित्य | ||
| 942 |
_hO152,6x, H0 _cTEXL _2cc |
||
| 999 |
_c1009007 _d1009007 |
||